000 00400nam a22001457a 4500
003 OSt
005 20260316100744.0
007 674
008 260316b |||||||| |||| 00| 0 eng d
040 _c
082 _a005.133
_bSAR
245 _aText analytics with Python: A practitioners guide to Natural language processing
_cSarkar,Dipanjan
260 _bApress
_c2019
942 _2ddc
_cBK
_k005.133
_mSAR
_n0
999 _c36316
_d36316